000 00569nam a2200193Ia 4500
005 20250508165520.0
008 008 250505s9999 xx 000 0 eng d
037 _aDissertations
040 _aFEDL
_beng
_cFEDL
041 _aeng
_2eng
084 _a371.33, BHA/DI
_qFEDL
100 _aBhatnagar Mili
_9781064
245 0 _aReception of popular television serials by 11-13 years of children
260 _c2015
300 _a58p.
546 _aM.Ed. Dissertation, (Delhi University)
942 _cDIS
_h371.33, BHA/DI
999 _c1395595
_d1395595